المستفاد من ذيل تاريخ بغداد / (Record no. 59484)
[ view plain ]
| 000 -الفاتح | |
|---|---|
| حقل البيانات ثابتة الطول | 00597nam a2200145Ia 4500 |
| 008 - عناصر البيانات ثابتة الطول - معلومات عامة | |
| حقل البيانات ثابتة الطول | 140319s9999 xx 000 0 ara d |
| 040 ## - مصدر الفهرسة | |
| وكالة الفهرسة الأصلية | GCL / |
| وكالة النسخ | GCL |
| 082 04 - رقم تصنيف ديوى العشرى | |
| رقم التصنيف | م |
| رقم المادة | 920.71 |
| -- | دم |
| 100 1# - المدخل الرئيسى - إسم شخصى | |
| الإسم الشخصى | النجار البغدادى, محمد بن محمود |
| 245 10 - بيان العنوان | |
| العنوان | المستفاد من ذيل تاريخ بغداد / |
| بيان المسئوليه,etc | النجار البغدادى, محمد بن محمود |
| 700 1# - المدخل الاضافى - اسم شخصى | |
| الإسم الشخصى | الدمياطى , احمد بن ايبك بن عبد |
| 490 ## - بيان السلسلة | |
| عنوان السلسلة | شكاوى المصرى الفصيح |
| رقم المجلد/ التعيين التسلسلي | 0 |
| 260 ## - PUBLICATION, DISTRIBUTION, ETC. (IMPRINT) | |
| -- | [S.N] : |
| -- | دار الكتب العلمية للنشر والتوزيع |
| حالة التراجع | حالة الفقد | حالة تلف | ليس للاعارة | المكان المؤقت | الموقع الحالى | تاريخ الاكتساب | اجمالي اﻻعارات | رقم الطلب | الباركود | تاريخ اخر مشاهدة | تاريخ تفعيل السعر | نوع وعاء كوها |
|---|---|---|---|---|---|---|---|---|---|---|---|---|
| مكتبة القاهرة الكبرى | مكتبة القاهرة الكبرى | 03/26/2014 | م\920.71\دم | 155670 | 03/26/2014 | 03/26/2014 | المراجع |

